PDC World Darts Championship 2025 - Statistics

General Stats
  • This quiz has been taken 448 times
  • The average score is 51 of 96
Answer Stats
Nationality Player % Correct
England Luke Humphries
99%
England Luke Littler
99%
Wales Gerwyn Price
97%
Netherlands Michael van Gerwen
97%
England Michael Smith
92%
Scotland Peter Wright
90%
England Ross Smith
90%
Scotland Gary Anderson
87%
Australia Damon Heta
86%
England Rob Cross
86%
Wales Jonny Clayton
84%
England Stephen Bunting
82%
England Nathan Aspinall
81%
Belgium Dimitri Van den Bergh
80%
Germany Martin Schindler
77%
Germany Gabriel Clemens
76%
Northern Ireland Josh Rock
76%
Netherlands Danny Noppert
73%
England Dave Chisnall
72%
Belgium Mike De Decker
71%
Netherlands Raymond van Barneveld
70%
Northern Ireland Brendan Dolan
69%
England Chris Dobey
69%
Northern Ireland Daryl Gurney
69%
Poland Krzysztof Ratajski
69%
Latvia Madars Razma
68%
Netherlands Gian van Veen
67%
England James Wade
65%
Ireland William O’Connor
65%
Belgium Kim Huybrechts
63%
Netherlands Dirk van Duijvenbode
61%
Sweden Jeffrey de Graaf
61%
Austria Mensur Suljović
61%
Germany Ricardo Pietreczko
60%
France Thibault Tricole
60%
Netherlands Jermaine Wattimena
59%
England Joe Cullen
58%
Wales Jim Williams
57%
England Ryan Searle
57%
England Scott Williams
57%
Scotland Cameron Menzies
56%
USA Leonard Gates
56%
England Luke Woodhouse
56%
Lithuania Darius Labanauskas
54%
England Fallon Sherrock
54%
Ireland Keane Barry
53%
Canada Matt Campbell
53%
Northern Ireland Mickey Mansell
50%
England Ritchie Edhouse
50%
England Andrew Gilding
49%
Czechia Karel Sedláček
49%
Bahamas Rashad Sweeting
49%
England Ricky Evans
49%
Netherlands Wessel Nijman
49%
England Ryan Joyce
48%
Scotland Alan Soutar
47%
England Callan Rydz
47%
Netherlands Kevin Doets
47%
Philippines Paolo Nebrida
47%
Germany Florian Hempel
44%
England Martin Lukeman
43%
Wales Robert Owen
43%
Philippines Lourence Ilagan
42%
Switzerland Stefan Bellmont
41%
Ireland Dylan Slevin
40%
England Ian White
40%
India Nitin Kumar
40%
Philippines Alexis Toylo
39%
New Zealand Ben Robb
38%
Germany Kai Gotthardt
38%
Netherlands Noa-Lynn van Leuven
37%
England Ryan Meikle
37%
England Connor Scutt
36%
Germany Niko Springer
35%
South Africa Cameron Carolissen
33%
Netherlands Christian Kist
33%
Australia Joe Comito
33%
Wales Nick Kenny
33%
Hong Kong Lok Yin Lee
32%
USA Stowe Buntz
32%
Netherlands Wesley Plaisier
32%
Netherlands Jeffrey de Zwaan
30%
Japan Tomoya Gotō
30%
Canada Jim Long
29%
Croatia Romeo Grbavac
29%
Philippines Sandro Eric Sosing
29%
Netherlands Niels Zonneveld
28%
Netherlands Richard Veenstra
28%
England James Hurrell
24%
Wales Rhys Griffin
24%
Australia Gordon Mathers
23%
Japan Ryusei Azemoto
23%
Netherlands Alexander Merkx
20%
Netherlands Chris Landman
17%
England Stephen Burton
16%
China Zong Xiaochen
16%
No matching quizzes found
Score Distribution
Percent of People with Each Score
Percentile by Number Answered
Your Score History
You have not taken this quiz